| 000 | 011510000a22003130004500 | ||
|---|---|---|---|
| 001 | 20374 | ||
| 003 | CO-MdFUSB | ||
| 005 | 20241002062721.0 | ||
| 008 | 160919t1977 xxu||||f |||| 00| 0 eng d | ||
| 020 | _a0-06-063411-1 | ||
| 040 |
_aCO-MdFUSB _bEspañol _cCO-MdFUSB _dCO-MdFUSB |
||
| 041 | _aeng | ||
| 082 |
_224 _a281.1 _bG761e |
||
| 100 | 1 |
_aGrant, Robert M. _eautor |
|
| 245 | 1 | 0 |
_aEarly Christianity and society _b: Seven studies _c/ Robert M. Grant |
| 264 |
_aSan Francisco, California : _bHarper & Row, _c1977 |
||
| 300 | _axii, 221 páginas | ||
| 336 |
_2rdacontent _a1 _ba1 |
||
| 337 |
_2rdamedia _a2 _b5 |
||
| 338 |
_2rdacarrier _a2 _b5 |
||
| 500 | _aIncluye índices (p. 197-221) | ||
| 501 | _aPasta dura | ||
| 505 | 0 | 0 | _aLa población cristiana del imperio romano - Devoción cristiana a la monarquía - Fiscalidad y exención - Trabajo y ocupaciones - Propiedad privada - La organización de la limosna - Templos, iglesias y dotaciones |
| 650 | 7 |
_aCristianismo _xHistoria _y0030-0600 (Iglesia primitiva) _2 _9217 |
|
| 653 | _aChurch history | ||
| 653 | _aHistoria de la iglesia | ||
| 942 | _cBK | ||
| 999 |
_c46725 _d46725 |
||